[Event "Zlin Region-chT 2223"]
[Site "Czech Republic"]
[Date "2022.11.27"]
[Round "4.5"]
[White "Valkovic, Marek"]
[Black "Petrzela, Pavel"]
[Result "1/2-1/2"]
[WhiteElo "1760"]
[BlackElo "1998"]
[PlyCount "71"]
[EventDate "2022.10.09"]
[EventType "team-tourn"]
[EventRounds "11"]
[EventCountry "CZE"]
[SourceTitle "EXT 2024"]
[Source "ChessBase"]
[SourceDate "2023.10.10"]
[SourceVersion "1"]
[SourceVersionDate "2023.10.10"]
[SourceQuality "1"]
[WhiteTeam "Zlin Malenovice"]
[BlackTeam "Postoupky Sokol"]
[WhiteTeamCountry "CZE"]
[BlackTeamCountry "CZE"]

1. d4 Nf6 2. c4 g6 3. Nc3 Bg7 4. e4 d6 5. Nf3 0-0 6. Be2 c6 7. 0-0 Nbd7 8. Re1 e5 9. Be3 Ng4 10. Bg5 f6 11. Bh4 Nh6 12. Qd2 Nf7 13. Rad1 Qc7 14. b4 a6 15. c5 dxc5 16. dxc5 Rd8 17. Bc4 Re8 18. Qb2 Nf8 19. Na4 Be6 20. Nb6 Bxc4 21. Nxc4 g5 22. Bg3 Rad8 23. Qb3 Kh8 24. Re2 Rxd1+ 25. Qxd1 Rd8 26. Rd2 Rxd2 27. Qxd2 Qd7 28. Na5 Qc7 29. Nc4 Ne6 30. Ne1 Bf8 31. Nc2 Qd8 32. f3 Qxd2 33. Nxd2 a5 34. a3 axb4 35. axb4 Nc7 36. Bf2 1/2-1/2

[Event "CZE-chT2E 1011"]
[Site "Czech Republic"]
[Date "2011.01.23"]
[Round "6.6"]
[White "Petrzela, Pavel"]
[Black "Holman, Radek"]
[Result "0-1"]
[WhiteElo "2034"]
[BlackElo "1928"]
[PlyCount "96"]
[EventDate "2010.10.17"]
[EventType "team-tourn"]
[EventRounds "11"]
[EventCountry "CZE"]
[SourceTitle "EXT 2012"]
[Source "ChessBase"]
[SourceDate "2011.11.24"]
[SourceVersion "1"]
[SourceVersionDate "2011.11.24"]
[SourceQuality "1"]
[WhiteTeam "Holesov"]
[BlackTeam "Postoupky"]
[WhiteTeamCountry "CZE"]
[BlackTeamCountry "CZE"]

1. d4 Nf6 2. c4 g6 3. Nc3 Bg7 4. e4 d6 5. f3 0-0 6. Be3 Nc6 7. Qd2 a6 8. Nge2 Rb8 9. g4 b5 10. Ng3 b4 11. Nce2 a5 12. h4 Ba6 13. b3 a4 14. h5 Na5 15. Rb1 c5 16. dxc5 dxc5 17. Qxd8 Rfxd8 18. Bxc5 Rd3 19. hxg6 fxg6 20. bxa4 Rxf3 21. Bg2 Rd3 22. Rxb4 Rxb4 23. Bxb4 Nxc4 24. Bxe7 Nxg4 25. 0-0 Nce3 26. Rb1 h5 27. Bh3 Rd2 28. Bxg4 Nxg4 29. Kf1 Nh2+ 30. Ke1 Nf3+ 31. Kf2 Bxe2 32. Nxe2 Nd4 33. Re1 Rxa2 34. Kf1 Rxa4 35. Nxd4 Bxd4 36. Re2 Kf7 37. Bd8 Ke6 38. Kg2 Bf6 39. Bc7 g5 40. Kf3 Ra3+ 41. Kg2 Be5 42. Bd8 g4 43. Bg5 Bf6 44. Bf4 h4 45. Rc2 h3+ 46. Kh1 Be5 47. Bg5 Ra1+ 48. Rc1 g3 0-1

[Event "CZE-chT2E 1011"]
[Site "Czech Republic"]
[Date "2011.01.09"]
[Round "5.6"]
[White "Petrzela, Pavel"]
[Black "Urban, Vlastimil"]
[Result "1/2-1/2"]
[WhiteElo "2034"]
[BlackElo "2043"]
[PlyCount "38"]
[EventDate "2010.10.17"]
[EventType "team-tourn"]
[EventRounds "11"]
[EventCountry "CZE"]
[SourceTitle "EXT 2012"]
[Source "ChessBase"]
[SourceDate "2011.11.24"]
[SourceVersion "1"]
[SourceVersionDate "2011.11.24"]
[SourceQuality "1"]
[WhiteTeam "Holesov"]
[BlackTeam "Hustopece"]
[WhiteTeamCountry "CZE"]
[BlackTeamCountry "CZE"]

1. d4 d5 2. c4 dxc4 3. Qa4+ Nc6 4. Nf3 Nf6 5. Qxc4 a6 6. g3 Be6 7. Qd3 Bd5 8. Nbd2 Bxf3 9. Nxf3 e6 10. a3 Qd5 11. Bg2 0-0-0 12. Be3 e5 13. Qf5+ Kb8 14. 0-0 exd4 15. Qxd5 Nxd5 16. Bxd4 Nxd4 17. Nxd4 Nf4 18. Nc6+ bxc6 19. gxf4 c5 1/2-1/2

[Event "CZE-chT2e 0607"]
[Site "Czech Republic"]
[Date "2007.02.25"]
[Round "8.6"]
[White "Petrzela, Pavel"]
[Black "Macura, Emil"]
[Result "0-1"]
[WhiteElo "2056"]
[BlackElo "2087"]
[PlyCount "74"]
[EventDate "2006.10.15"]
[EventType "team"]
[EventRounds "11"]
[EventCountry "CZE"]
[SourceTitle "EXT 2009"]
[Source "ChessBase"]
[SourceDate "2008.11.26"]
[SourceVersion "1"]
[SourceVersionDate "2008.11.26"]
[SourceQuality "1"]

1. d4 Nf6 2. c4 e6 3. g3 d5 4. Nf3 c6 5. Bg2 Bd6 6. Nbd2 Nbd7 7. 0-0 0-0 8. Qc2 Re8 9. e4 dxe4 10. Nxe4 Nxe4 11. Qxe4 Nf6 12. Qc2 h6 13. b3 Nd7 14. Rd1 Qf6 15. Bb2 e5 16. c5 Bc7 17. d5 cxd5 18. Rxd5 Qe6 19. Rad1 e4 20. Qc3 f6 21. Ne1 b6 22. c6 Nc5 23. Ba3 Nd3 24. Nxd3 Qxd5 25. Nb2 Qe6 26. Bf1 Kh8 27. Rc1 Rb8 28. Na4 Qe5 29. Qe3 a6 30. Bb2 Qg5 31. f4 Qh5 32. Nc3 b5 33. Ne2 Bg4 34. Bd4 Rbd8 35. Rc5 Qf7 36. Rc2 Qd5 37. Rc5 Qd6 0-1

[Event "CZE-chT2e 0506"]
[Site "Czech Republic"]
[Date "2006.03.26"]
[Round "10.6"]
[White "Petrzela, Pavel"]
[Black "Vratislavsky, Ivo"]
[Result "1/2-1/2"]
[WhiteElo "2072"]
[BlackElo "1841"]
[PlyCount "56"]
[EventDate "2005.10.16"]
[EventType "team"]
[EventRounds "11"]
[EventCountry "CZE"]
[SourceTitle "EXT 2008"]
[Source "ChessBase"]
[SourceDate "2007.11.25"]
[SourceVersion "1"]
[SourceVersionDate "2007.11.25"]
[SourceQuality "1"]

1. d4 f5 2. g3 Nf6 3. c4 e6 4. Nf3 b6 5. Bg2 Bb7 6. 0-0 Be7 7. Nbd2 0-0 8. b3 Qe8 9. Bb2 Qh5 10. Ne5 Bxg2 11. Kxg2 d6 12. Nd3 g5 13. h3 Nbd7 14. e3 Qg6 15. Qe2 Nh5 16. e4 Rf7 17. Rae1 Raf8 18. Kh2 f4 19. g4 Ng7 20. f3 h5 21. Kg2 Ne8 22. Rh1 Rh7 23. Nb4 Nb8 24. Nd3 Rff7 25. e5 hxg4 26. hxg4 Rxh1 27. Rxh1 Rh7 28. Rxh7 Kxh7 1/2-1/2

[Event "CZE-chT2e 0506"]
[Site "Czech Republic"]
[Date "2006.03.12"]
[Round "9.5"]
[White "Petrzela, Pavel"]
[Black "Vavruska, Antonin"]
[Result "1/2-1/2"]
[WhiteElo "2072"]
[BlackElo "2185"]
[PlyCount "63"]
[EventDate "2005.10.16"]
[EventType "team"]
[EventRounds "11"]
[EventCountry "CZE"]
[SourceTitle "EXT 2008"]
[Source "ChessBase"]
[SourceDate "2007.11.25"]
[SourceVersion "1"]
[SourceVersionDate "2007.11.25"]
[SourceQuality "1"]

1. d4 e6 2. c4 f5 3. g3 Nf6 4. Nf3 d6 5. Bg2 Be7 6. Nc3 0-0 7. 0-0 Qe8 8. Qc2 Qh5 9. h3 a5 10. e4 fxe4 11. Nxe4 Nc6 12. Nxf6+ Bxf6 13. g4 Qe8 14. Be3 e5 15. d5 Nb4 16. Qe4 b6 17. a3 Na6 18. b4 Nb8 19. Rfc1 Nd7 20. Bf1 Bd8 21. g5 Rf7 22. Nh4 Nf8 23. Kh2 g6 24. Be2 Bf5 25. Qg2 Be7 26. Nf3 Nd7 27. Nd2 Qf8 28. Kg3 Qd8 29. Kh2 Qf8 30. Kg3 Qd8 31. Kh2 Qf8 32. Kg3 1/2-1/2

[Event "CZE-chT2e 0506"]
[Site "Czech Republic"]
[Date "2005.12.18"]
[Round "5.5"]
[White "Petrzela, Pavel"]
[Black "Roubalik, Jakub"]
[Result "0-1"]
[WhiteElo "2072"]
[BlackElo "2019"]
[PlyCount "110"]
[EventDate "2005.10.16"]
[EventType "team"]
[EventRounds "11"]
[EventCountry "CZE"]
[SourceTitle "EXT 2008"]
[Source "ChessBase"]
[SourceDate "2007.11.25"]
[SourceVersion "1"]
[SourceVersionDate "2007.11.25"]
[SourceQuality "1"]

1. d4 d5 2. c4 c6 3. Nf3 Nf6 4. g3 Bf5 5. Bg2 e6 6. 0-0 Bd6 7. b3 0-0 8. Bb2 Nbd7 9. Nbd2 h6 10. Ne5 Qc7 11. Nxd7 Qxd7 12. Re1 Bb4 13. a3 Bxd2 14. Qxd2 Rfd8 15. Qc1 Rac8 16. f3 Qc7 17. e4 Bg6 18. Qe3 b6 19. Rac1 Qb7 20. Ba1 Qa6 21. Bb2 Qb7 22. e5 Nd7 23. g4 c5 24. cxd5 cxd4 25. Bxd4 Qxd5 26. f4 Qa5 27. b4 Qa6 28. Rc6 Rxc6 29. Bxc6 Nb8 30. Bf3 Qc4 31. Bb2 Rd3 32. Qc1 Qxc1 33. Rxc1 Rxf3 34. Rc8+ Kh7 35. Rxb8 Rxf4 36. Rb7 Rxg4+ 37. Kf2 Rc4 38. Ke3 Rc2 39. Bd4 Rxh2 40. Rxa7 b5 41. a4 Rh3+ 42. Kf2 Rd3 43. Bc5 bxa4 44. Rxa4 Rd5 45. Bd6 Bd3 46. Ra3 h5 47. Ke3 h4 48. Kf2 Bf5 49. Ra2 g5 50. Rb2 g4 51. b5 g3+ 52. Ke3 h3 53. b6 h2 54. b7 h1Q 55. b8Q Qe4# 0-1

[Event "CZE-chT2e 0506"]
[Site "Czech Republic"]
[Date "2005.10.16"]
[Round "1.5"]
[White "Navratil, Jiri"]
[Black "Petrzela, Pavel"]
[Result "1/2-1/2"]
[WhiteElo "2153"]
[BlackElo "2072"]
[PlyCount "31"]
[EventDate "2005.10.16"]
[EventType "team"]
[EventRounds "11"]
[EventCountry "CZE"]
[SourceTitle "EXT 2008"]
[Source "ChessBase"]
[SourceDate "2007.11.25"]
[SourceVersion "1"]
[SourceVersionDate "2007.11.25"]
[SourceQuality "1"]

1. d4 Nf6 2. Nf3 d6 3. Nc3 g6 4. e4 Bg7 5. Be2 0-0 6. h3 Nbd7 7. Be3 e5 8. d5 a6 9. Qd2 b5 10. a3 Rb8 11. b4 Nb6 12. 0-0 Bd7 13. Rfd1 Kh8 14. Nh2 Ng8 15. f3 f5 16. Rdb1 1/2-1/2

[Event "MOR-chT2M 0203"]
[Site "Moravia"]
[Date "2003.03.30"]
[Round "11"]
[White "Petrzela, Pavel"]
[Black "Kapusta, Petr"]
[Result "1/2-1/2"]
[WhiteElo "2083"]
[BlackElo "2082"]
[PlyCount "81"]
[EventDate "2002.10.??"]
[EventType "team"]
[EventRounds "11"]
[EventCountry "CZE"]
[SourceTitle "EXT 2006"]
[Source "ChessBase"]
[SourceDate "2005.11.24"]
[SourceVersion "1"]
[SourceVersionDate "2005.11.24"]
[SourceQuality "1"]

1. d4 d6 2. c4 Nf6 3. Nc3 g6 4. e4 Bg7 5. f3 0-0 6. Be3 e5 7. d5 Ne8 8. Qd2 f5 9. Bd3 a5 10. 0-0-0 Na6 11. exf5 gxf5 12. Bh6 Nc5 13. Bc2 Qh4 14. Bxg7 Nxg7 15. b3 e4 16. g3 Qf6 17. f4 Bd7 18. Nge2 b5 19. Qd4 b4 20. Qxf6 Rxf6 21. Nb1 a4 22. Kb2 Rff8 23. Nd4 Ra6 24. Nd2 Rfa8 25. Ra1 Nh5 26. bxa4 Bxa4 27. N2b3 Bd7 28. Nxc5 dxc5 29. Nb3 Nf6 30. Nxc5 Ra5 31. Nb3 Ra3 32. Nd4 Ng4 33. Bb3 Nf2 34. Rhg1 Nd3+ 35. Kb1 Kf7 36. Nc2 R3a6 37. Nd4 Rh6 38. Rg2 Rg6 39. Re2 h5 40. Bc2 Nc5 41. Kb2 1/2-1/2

[Event "MOR-chT2M 0203"]
[Site "Moravia"]
[Date "2003.01.12"]
[Round "6"]
[White "Petrzela, Pavel"]
[Black "Balazec, Ludovit"]
[Result "1/2-1/2"]
[WhiteElo "2083"]
[BlackElo "2121"]
[PlyCount "71"]
[EventDate "2002.10.??"]
[EventType "team"]
[EventRounds "11"]
[EventCountry "CZE"]
[SourceTitle "EXT 2006"]
[Source "ChessBase"]
[SourceDate "2005.11.24"]
[SourceVersion "1"]
[SourceVersionDate "2005.11.24"]
[SourceQuality "1"]

1. d4 d5 2. Nf3 Nf6 3. c4 e6 4. g3 Ne4 5. Bg2 Bb4+ 6. Nbd2 0-0 7. Qc2 Nc6 8. e3 f5 9. 0-0 Be7 10. a3 Qe8 11. b4 Bd7 12. Nb3 a6 13. cxd5 exd5 14. Nc5 Bc8 15. Nd3 Bf6 16. a4 Be6 17. Ba3 Rc8 18. b5 Ne7 19. bxa6 bxa6 20. Rfc1 Rf7 21. Nc5 Nxc5 22. Bxc5 Nc6 23. Bf1 Ra8 24. Bd3 g6 25. Rcb1 Bc8 26. Ra2 Qe6 27. Rab2 a5 28. Bb5 Nd8 29. Ba3 f4 30. exf4 Qg4 31. Qe2 Ne6 32. Rd1 Nxf4 33. Qe3 Nh3+ 34. Kg2 Bf5 35. Be2 Be4 36. Kf1 1/2-1/2

[Event "MOR-chT2M 0203"]
[Site "Moravia"]
[Date "2002.11.03"]
[Round "2"]
[White "Bosak, Jan"]
[Black "Petrzela, Pavel"]
[Result "1-0"]
[WhiteElo "2213"]
[BlackElo "2083"]
[PlyCount "71"]
[EventDate "2002.10.??"]
[EventType "team"]
[EventRounds "11"]
[EventCountry "CZE"]
[SourceTitle "EXT 2006"]
[Source "ChessBase"]
[SourceDate "2005.11.24"]
[SourceVersion "1"]
[SourceVersionDate "2005.11.24"]
[SourceQuality "1"]

1. c4 Nf6 2. Nc3 g6 3. e4 d6 4. f4 Bg7 5. Nf3 0-0 6. Be2 c5 7. 0-0 Bg4 8. d3 Nc6 9. Be3 Rc8 10. Qd2 b6 11. h3 Bxf3 12. Bxf3 e6 13. g4 Nd7 14. f5 Bd4 15. Kh2 Bxe3 16. Qxe3 Nd4 17. Bd1 Qf6 18. Rf2 Qe5+ 19. Kh1 exf5 20. Ba4 Nf6 21. Raf1 Kh8 22. Nd1 a6 23. exf5 Qxe3 24. Nxe3 b5 25. fxg6 Nd7 26. Rxf7 Rxf7 27. Rxf7 Ne5 28. Rxh7+ Kg8 29. cxb5 axb5 30. Bb3+ c4 31. dxc4 bxc4 32. Bc2 c3 33. Nd5 Nxg6 34. Bxg6 c2 35. Nf6+ Kf8 36. Rf7# 1-0

[Event "Schneider Bohemia op-A"]
[Site "Plzen"]
[Date "2000.??.??"]
[Round "?"]
[White "Hadraba, Vladimir"]
[Black "Petrzela, Pavel"]
[Result "1-0"]
[WhiteElo "2240"]
[BlackElo "2015"]
[PlyCount "67"]
[EventDate "2000.??.??"]
[EventType "swiss"]
[EventRounds "9"]
[EventCountry "CZE"]
[SourceTitle "EXT 2003"]
[Source "ChessBase"]
[SourceDate "2002.11.25"]
[SourceVersion "1"]
[SourceVersionDate "2002.11.25"]
[SourceQuality "1"]

1. e4 c6 2. d4 d5 3. exd5 cxd5 4. c3 Nc6 5. Nf3 Qc7 6. Qb3 Nf6 7. Bg5 e6 8. Nbd2 Be7 9. Bd3 Bd7 10. 0-0 0-0 11. Rfe1 Ne8 12. Bxe7 Nxe7 13. Ne5 Rb8 14. Qa3 Nc6 15. Nxc6 Bxc6 16. Qxa7 Nf6 17. Qc5 Qf4 18. Nf3 g5 19. Re2 h5 20. Ne5 Ng4 21. g3 Qf6 22. Nxg4 hxg4 23. Qd6 Qh6 24. Rf1 Qh5 25. Qe7 f6 26. Qxe6+ Kg7 27. Qf5 Rf7 28. f4 Bd7 29. Qxd5 Bc6 30. Qc5 Bf3 31. Re7 Rbf8 32. fxg5 fxg5 33. Bc4 Qh3 34. Rf2 1-0

[Event "Schneider Bohemia op-A"]
[Site "Plzen"]
[Date "2000.??.??"]
[Round "?"]
[White "Orsag, Miroslav"]
[Black "Petrzela, Pavel"]
[Result "1-0"]
[WhiteElo "2205"]
[BlackElo "2015"]
[PlyCount "37"]
[EventDate "2000.??.??"]
[EventType "swiss"]
[EventRounds "9"]
[EventCountry "CZE"]
[SourceTitle "EXT 2003"]
[Source "ChessBase"]
[SourceDate "2002.11.25"]
[SourceVersion "1"]
[SourceVersionDate "2002.11.25"]
[SourceQuality "1"]

1. e4 c6 2. Nc3 d5 3. g3 e5 4. Bg2 Be6 5. d3 Bb4 6. a3 Ba5 7. b4 Bc7 8. exd5 cxd5 9. Nf3 f6 10. 0-0 Ne7 11. Nh4 0-0 12. Na4 Nd7 13. Qe2 Bf7 14. c4 Rb8 15. Nc3 dxc4 16. dxc4 Nb6 17. c5 Bc4 18. Qg4 f5 19. Nxf5 1-0

[Event "Schneider Bohemia op-A"]
[Site "Plzen"]
[Date "2000.??.??"]
[Round "?"]
[White "Petrzela, Pavel"]
[Black "Dvorak, Tomas"]
[Result "1/2-1/2"]
[WhiteElo "2015"]
[BlackElo "2220"]
[PlyCount "67"]
[EventDate "2000.??.??"]
[EventType "swiss"]
[EventRounds "9"]
[EventCountry "CZE"]
[SourceTitle "EXT 2003"]
[Source "ChessBase"]
[SourceDate "2002.11.25"]
[SourceVersion "1"]
[SourceVersionDate "2002.11.25"]
[SourceQuality "1"]

1. d4 Nf6 2. c4 g6 3. Nc3 d5 4. cxd5 Nxd5 5. e4 Nxc3 6. bxc3 Bg7 7. Nf3 c5 8. Bb5+ Nc6 9. 0-0 a6 10. Bxc6+ bxc6 11. h3 cxd4 12. cxd4 c5 13. Be3 0-0 14. Rc1 cxd4 15. Nxd4 Bb7 16. f3 Qa5 17. Qe2 Rac8 18. Nb3 Qb5 19. Qxb5 axb5 20. Rxc8 Rxc8 21. Rc1 Rxc1+ 22. Nxc1 f5 23. exf5 gxf5 24. Nd3 Bd5 25. a3 Kf7 26. Kf2 e5 27. Bc5 Bc4 28. Nb2 Bd5 29. Nd3 Ke6 30. Bb4 Bc6 31. Bc3 Be8 32. f4 e4 33. Bxg7 exd3 34. Ke3 1/2-1/2

[Event "Moravia-ch"]
[Site "Moravia"]
[Date "1997.??.??"]
[Round "?"]
[White "Hnilicka, Michal"]
[Black "Petrzela, Pavel"]
[Result "0-1"]
[WhiteElo "1760"]
[BlackElo "1880"]
[PlyCount "124"]
[EventDate "1997.??.??"]
[EventType "swiss"]
[EventRounds "9"]
[EventCountry "CZE"]
[SourceTitle "EXT 1999"]
[Source "ChessBase"]
[SourceDate "1998.11.16"]
[SourceVersion "1"]
[SourceVersionDate "1998.11.16"]
[SourceQuality "1"]

1. e4 c6 2. d4 d5 3. Nc3 dxe4 4. Nxe4 Bf5 5. Ng3 Bg6 6. Nf3 Nd7 7. h4 h6 8. h5 Bh7 9. Bd3 Bxd3 10. Qxd3 Ngf6 11. Rh4 e6 12. Bd2 Qc7 13. 0-0-0 0-0-0 14. Ne4 Nxe4 15. Qxe4 Nf6 16. Qe2 Bd6 17. Ne5 Bxe5 18. dxe5 Nd5 19. Rd4 Nb6 20. Ba5 Rxd4 21. Rxd4 Rd8 22. c3 Rxd4 23. cxd4 c5 24. dxc5 Qxc5+ 25. Qc2 Qxc2+ 26. Kxc2 Nd5 27. g3 Kd7 28. Kd3 Kc6 29. Kd4 g6 30. Bd2 gxh5 31. a3 Ne7 32. Ke4 Nf5 33. Kf4 Kd5 34. f3 Nd4 35. Ke3 Nc6 36. f4 Nd4 37. Kd3 a6 38. Bb4 Nf5 39. Be1 Kc5 40. Kc3 Kb5 41. b3 Ne3 42. Kd3 Ng2 43. a4+ Kc6 44. Bd2 h4 45. Ke2 hxg3 46. Kf3 Nh4+ 47. Kxg3 Nf5+ 48. Kg4 Kd5 49. Bb4 Ke4 50. Bf8 h5+ 51. Kxh5 Kxf4 52. Bd6 Nd4 53. Kh6 Nxb3 54. Kg7 Ke4 55. Kxf7 Kd5 56. Ke7 b5 57. axb5 axb5 58. Kf6 Nc1 59. Ba3 Nd3 60. Bd6 b4 61. Kg5 b3 62. Ba3 Kxe5 0-1

[Event "Moravia-ch"]
[Site "Moravia"]
[Date "1997.??.??"]
[Round "?"]
[White "Petrzela, Pavel"]
[Black "Dittrich, Pavel"]
[Result "1-0"]
[WhiteElo "1880"]
[BlackElo "1760"]
[PlyCount "87"]
[EventDate "1997.??.??"]
[EventType "swiss"]
[EventRounds "9"]
[EventCountry "CZE"]
[SourceTitle "EXT 1999"]
[Source "ChessBase"]
[SourceDate "1998.11.16"]
[SourceVersion "1"]
[SourceVersionDate "1998.11.16"]
[SourceQuality "1"]

1. d4 Nf6 2. c4 e6 3. Nf3 b6 4. g3 Bb7 5. Bg2 Be7 6. 0-0 0-0 7. Nc3 d6 8. Qc2 Nbd7 9. Rd1 c5 10. d5 e5 11. Nh4 Ne8 12. Nf5 Ndf6 13. h3 Bc8 14. f4 Bxf5 15. Qxf5 Qd7 16. Qd3 exf4 17. Bxf4 Nh5 18. e4 f5 19. e5 dxe5 20. d6 Bxd6 21. Bxa8 exf4 22. Nb5 Nxg3 23. Nxd6 Qxd6 24. Qxd6 Nxd6 25. Rxd6 Rxa8 26. Rad1 g5 27. Rd8+ Rxd8 28. Rxd8+ Kf7 29. Rd7+ Kg6 30. Rxa7 g4 31. hxg4 fxg4 32. Rb7 Ne2+ 33. Kf2 f3 34. Rxb6+ Kf5 35. a4 g3+ 36. Kxf3 h5 37. a5 h4 38. Kxe2 Kg4 39. a6 Kh3 40. a7 Kh2 41. a8Q h3 42. Rh6 g2 43. Qb8+ Kg1 44. Qg3 1-0

[Event "Vsetin op"]
[Site "Vsetin"]
[Date "1997.??.??"]
[Round "?"]
[White "Petrzela, Pavel"]
[Black "Stradej, Vlastimil"]
[Result "1/2-1/2"]
[WhiteElo "1880"]
[BlackElo "2085"]
[PlyCount "40"]
[EventDate "1997.??.??"]
[EventType "swiss"]
[EventRounds "9"]
[EventCountry "CZE"]
[SourceTitle "EXT 1998"]
[Source "ChessBase"]
[SourceDate "1997.11.17"]
[SourceVersion "1"]
[SourceVersionDate "1997.11.17"]
[SourceQuality "1"]

1. d4 d5 2. c4 c6 3. g3 Bf5 4. Bg2 e6 5. Nf3 Nf6 6. 0-0 Nbd7 7. b3 Bd6 8. Bb2 h6 9. Nbd2 0-0 10. Ne5 Qe7 11. Re1 Ba3 12. Bxa3 Qxa3 13. Nxd7 Nxd7 14. e4 dxe4 15. Bxe4 Bxe4 16. Nxe4 f5 17. Nd2 Qe7 18. Nf3 Qf6 19. Qe2 Rae8 20. Ne5 Nxe5 1/2-1/2